000 00983nam a22002777a 4500
005 20240530110616.0
008 161127s2015 ua a g b 000 0 ara d
017 _a2015/15047
_bمصر. دار الكتب
020 _a9789777220576
040 _aEG-CaGPL
_cEG-CaGPL
082 0 4 _221
_a658.3152\
_bم ع
100 0 _aمنال احمد البارودى .
245 1 2 _aالعصف الذهنى و فن صناعة الافكار /
_cمنال احمد البارودى .
250 _aط.1
260 _aالقاهرة :
_bالمجموعة العربية للتدريب و النشر ،
_c2015 .
300 _a200 ص ؛
_c24 سم .
504 _aببليوجرافية : ص 195 - 200
650 _2qrmak
_aالتفكير .
650 _2qrmak
_aالذكاء .
650 _2qrmak
_aالذاكرة .
650 _2qrmak
_aالعقل .
651 _2qrmak
653 0 0 _aالتفكير الابداعى .
942 _2ddc
_cBK
999 _c62967
_d62967